000 00308nam a2200121Ia 4500
005 20251222152004.0
008 251222s9999||||xx |||||||||||||| ||spa||
020 _a978-603-4034-14-3
082 _a631.86/R61
100 _a"Rimache Artica, Mijail"
245 0 _aAbonos orgánicos: Lombricultura
942 _cLIB
999 _c24669
_d24669